World Capitals That Share Name With Its Country - Statistics

General Stats
  • This quiz has been taken 231 times
    204 since last reset
  • The average score is 7 of 12
Answer Stats
Capital Country % Correct
Mexico City Mexico
77%
Panama City Panama
73%
Vatican City Vatican City
72%
Guatemala City Guatemala
70%
Monaco Monaco
67%
San Marino San Marino
65%
Luxembourg Luxembourg
60%
Kuwait City Kuwait
56%
Singapore Singapore
55%
Djibouti Djibouti
26%
Andorra la Vella Andorra
22%
Brasilia Brazil
20%
No matching quizzes found
Score Distribution
Percent of People with Each Score
Percentile by Number Answered
Your Score History
You have not taken this quiz since the last reset